[Event "I Magistral Femenino Diez Reinas 2010"]
[Site "Buenos Aires ARG"]
[Date "2010.08.24"]
[Round "5.2"]
[White "Amed, Stephanie"]
[Black "Plazaola, Maria de los Angele"]
[Result "1/2-1/2"]
[WhiteElo "2208"]
[BlackElo "2185"]
[PlyCount "77"]
[EventDate "2010.08.19"]
[EventType "tourn"]
[EventRounds "9"]
[EventCountry "ARG"]
[Source "lmi"]
[SourceDate "2010.08.19"]

1. Nf3 d5 2. d4 e6 3. c4 Nf6 4. Nc3 c6 5. cxd5 exd5 6. Bg5 Bd6 7. e3 O-O 8. Bd3
Nbd7 9. O-O Re8 10. Qc2 h6 11. Bh4 Qc7 12. Rac1 a6 13. Bf5 Qa5 14. a3 Be7 15.
b4 Qd8 16. Bg3 Nb6 17. Bd3 Be6 18. Ne5 a5 19. Rb1 axb4 20. axb4 Nc4 21. Qe2
Nxe5 22. dxe5 Nh7 23. Qc2 Nf8 24. Na4 b6 25. Nc3 c5 26. bxc5 bxc5 27. Bb5 Bd7
28. Nxd5 Bxb5 29. Nxe7+ Qxe7 30. Rxb5 Nd7 31. Rb7 Qe6 32. f4 Ra2 33. f5 Qa6 34.
Qb1 Nf8 35. Rb6 Qa8 36. Rb2 Ra3 37. Qc1 Qa7 38. Rc2 Nd7 39. Qb2 1/2-1/2

[Event "I Magistral Femenino Diez Reinas 2010"]
[Site "Buenos Aires ARG"]
[Date "2010.08.24"]
[Round "5.3"]
[White "Malajovich, Sandra"]
[Black "Maggiolo, Elisa"]
[Result "0-1"]
[WhiteElo "2098"]
[BlackElo "2052"]
[PlyCount "80"]
[EventDate "2010.08.19"]
[EventType "tourn"]
[EventRounds "9"]
[EventCountry "ARG"]
[Source "lmi"]
[SourceDate "2010.08.19"]

1. d4 Nf6 2. c4 d5 3. cxd5 g6 4. Nc3 Nxd5 5. e4 Nxc3 6. bxc3 Bg7 7. Bc4 c5 8.
Nf3 O-O 9. O-O Nc6 10. Ba3 cxd4 11. cxd4 Nxd4 12. Nxd4 Bxd4 13. Bxe7 Bxf2+ 14.
Rxf2 Qxe7 15. Qb3 Be6 16. Bxe6 fxe6 17. Rb2 b6 18. Rc1 Rac8 19. Rd1 Rf4 20.
Rbd2 Rxe4 21. Qf3 Qc5+ 22. Kh1 Qf5 23. Qa3 Rf8 24. g3 Qe5 25. Qd3 Re3 26. Qc4
Re1+ 27. Kg2 Rxd1 28. Rxd1 Qe3 29. Qc2 Qf3+ 30. Kg1 Rf7 31. Qb3 Qxb3 32. axb3
Kg7 33. b4 Kf6 34. b5 Ke5 35. Kg2 Ke4 36. Re1+ Kd5 37. Rd1+ Kc4 38. Rb1 e5 39.
Rb2 e4 40. h4 e3 0-1

[Event "I Magistral Femenino Diez Reinas 2010"]
[Site "Buenos Aires ARG"]
[Date "2010.08.24"]
[Round "5.4"]
[White "Justo, Virginia"]
[Black "Fernandez, Maria Florencia"]
[Result "0-1"]
[WhiteElo "2110"]
[BlackElo "2106"]
[PlyCount "66"]
[EventDate "2010.08.19"]
[EventType "tourn"]
[EventRounds "9"]
[EventCountry "ARG"]
[Source "lmi"]
[SourceDate "2010.08.19"]

1. e4 c5 2. Nf3 d6 3. d4 cxd4 4. Nxd4 Nf6 5. f3 e5 6. Nb3 Be7 7. c4 a5 8. Be3
a4 9. N3d2 Qa5 10. Nc3 O-O 11. Rc1 Bd8 12. Bd3 Bb6 13. Qe2 Be6 14. O-O Nc6 15.
Nb5 Rad8 16. b3 Nh5 17. g3 g6 18. Kh1 Bh3 19. Rfd1 f5 20. c5 Bxc5 21. Bxc5 dxc5
22. exf5 Bxf5 23. Bc4+ Kh8 24. Qe3 Ng7 25. Ne4 Bxe4 26. Qxe4 Rd2 27. Nd6 Nf5
28. Nf7+ Kg7 29. Nxe5 Rfd8 30. Nd3 Nd6 31. Qe6 Nxc4 32. Qxc4 Rd4 33. b4 Rxc4
0-1

[Event "I Magistral Femenino Diez Reinas 2010"]
[Site "Buenos Aires ARG"]
[Date "2010.08.24"]
[Round "5.5"]
[White "Nejanky, Maisa"]
[Black "Leone, Juliana"]
[Result "1-0"]
[WhiteElo "2057"]
[BlackElo "2096"]
[PlyCount "81"]
[EventDate "2010.08.19"]
[EventType "tourn"]
[EventRounds "9"]
[EventCountry "ARG"]
[Source "lmi"]
[SourceDate "2010.08.19"]

1. e4 e6 2. d4 d5 3. Nc3 Nc6 4. Nf3 Nf6 5. Bg5 Be7 6. e5 Ne4 7. Bxe7 Qxe7 8.
Bd3 f5 9. exf6 Nxf6 10. Qd2 O-O 11. O-O-O a6 12. Rhe1 Qd6 13. Qg5 Nb4 14. Ne5
c5 15. dxc5 Qxc5 16. Re3 Nxd3+ 17. Nxd3 Qc7 18. Qe5 Qxe5 19. Nxe5 Nd7 20. Nf3
Nb6 21. b3 Bd7 22. Ne2 Rae8 23. Ned4 Bc8 24. Rde1 Rf6 25. R1e2 h6 26. a4 Na8
27. Ne5 Nc7 28. g3 Ref8 29. Nd3 g5 30. f4 Kh7 31. Re5 Kg6 32. h4 gxf4 33. Nxf4+
Rxf4 34. gxf4 Rxf4 35. h5+ Kf6 36. c3 Bd7 37. Kd2 b5 38. axb5 axb5 39. R5e3 Kg5
40. Rg2+ Kxh5 41. Rg7 1-0

[Event "I Magistral Femenino Diez Reinas 2010"]
[Site "Buenos Aires ARG"]
[Date "2010.08.27"]
[Round "6.1"]
[White "Carraro, Denise"]
[Black "Leone, Juliana"]
[Result "1-0"]
[WhiteElo "2100"]
[BlackElo "2096"]
[PlyCount "133"]
[EventDate "2010.08.19"]
[EventType "tourn"]
[EventRounds "9"]
[EventCountry "ARG"]
[Source "lmi"]
[SourceDate "2010.08.19"]

1. e4 e6 2. d4 d5 3. Nc3 Nc6 4. e5 f6 5. Bb5 Bd7 6. Nf3 Qe7 7. O-O O-O-O 8. Re1
Qf7 9. Bxc6 Bxc6 10. Ne2 Ne7 11. Nf4 Ng6 12. exf6 Nxf4 13. Bxf4 gxf6 14. Qd3
Bd6 15. Bg3 h5 16. Re3 Kb8 17. Rae1 Rde8 18. Qe2 Bd7 19. b3 h4 20. Nxh4 f5 21.
f4 Qf6 22. Nf3 c5 23. Ne5 Bxe5 24. Rxe5 cxd4 25. Qd3 Rc8 26. R1e2 Rc3 27. Qxd4
Rhc8 28. Rxd5 Qxd4+ 29. Rxd4 Bb5 30. Rxe6 Rxc2 31. h4 Rxa2 32. Re7 a6 33. h5
Rcc2 34. Kh2 Rxg2+ 35. Kh3 Rg1 36. Rd8+ Ka7 37. Re1 Bf1+ 38. Rxf1 Rxf1 39. Kh4
Rh1+ 40. Kg5 Rg2 41. Rd3 Rhg1 42. h6 Rxg3+ 43. Rxg3 Rxg3+ 44. Kxf5 Rxb3 45. h7
Rh3 46. Kg6 a5 47. f5 a4 48. f6 a3 49. f7 a2 50. f8=Q a1=Q 51. Qc5+ Ka6 52.
Qc4+ Ka7 53. Qc5+ Kb8 54. Qd6+ Ka8 55. Qf8+ Ka7 56. Qc5+ b6 57. Qc7+ Ka8 58.
Qc8+ Ka7 59. Qxh3 Qg1+ 60. Kf7 Qf2+ 61. Ke8 Qe1+ 62. Kd8 Qe5 63. h8=Q Qg5+ 64.
Ke8 Qg6+ 65. Ke7 Qe4+ 66. Qe6 Qb4+ 67. Kd8 1-0

[Event "I Magistral Femenino Diez Reinas 2010"]
[Site "Buenos Aires ARG"]
[Date "2010.08.27"]
[Round "6.2"]
[White "Fernandez, Maria Florencia"]
[Black "Nejanky, Maisa"]
[Result "0-1"]
[WhiteElo "2106"]
[BlackElo "2057"]
[PlyCount "120"]
[EventDate "2010.08.19"]
[EventType "tourn"]
[EventRounds "9"]
[EventCountry "ARG"]
[Source "lmi"]
[SourceDate "2010.08.19"]

1. d4 Nf6 2. c4 e6 3. a3 b6 4. Nc3 Bb7 5. f3 d5 6. Bg5 Be7 7. e3 O-O 8. Bd3 c5
9. Nge2 Nc6 10. O-O Rc8 11. cxd5 exd5 12. Bf5 Rb8 13. Qd3 g6 14. Bh3 cxd4 15.
exd4 Bc8 16. Bxc8 Rxc8 17. b4 Ne8 18. Bh6 Ng7 19. f4 f5 20. Qf3 Bf6 21. Qxd5+
Kh8 22. Rad1 Nxd4 23. Nxd4 Rxc3 24. Nb5 Qxd5 25. Rxd5 Rb3 26. Nxa7 Rxa3 27. Nc6
Re8 28. Ne5 Kg8 29. Rc1 Ne6 30. Rc6 b5 31. h3 Ra1+ 32. Kh2 Re1 33. Nf3 Re4 34.
Rxb5 Be7 35. Rcb6 Nc7 36. Rb8 Bd6 37. Ne5 Bxe5 38. Rxe8+ Nxe8 39. fxe5 Kf7 40.
Rb7+ Ke6 41. Rb8 Kd7 42. b5 Rxe5 43. b6 Rb5 44. Bf4 Nd6 45. Rd8+ Kxd8 46. Bxd6
Rxb6 47. Bf4 Rb3 48. h4 Kd7 49. g3 Ke6 50. Kh3 Kd5 51. h5 Rf3 52. hxg6 hxg6 53.
Bh6 Rf1 54. Kh4 Ke4 55. Bd2 Kf3 56. Bf4 Ke4 57. Bb8 Rb1 58. Bf4 Rb4 59. Kg5 Kf3
60. Kxg6 Rxf4 0-1

[Event "I Magistral Femenino Diez Reinas 2010"]
[Site "Buenos Aires ARG"]
[Date "2010.08.27"]
[Round "6.3"]
[White "Maggiolo, Elisa"]
[Black "Justo, Virginia"]
[Result "1-0"]
[WhiteElo "2052"]
[BlackElo "2110"]
[PlyCount "33"]
[EventDate "2010.08.19"]
[EventType "tourn"]
[EventRounds "9"]
[EventCountry "ARG"]
[Source "lmi"]
[SourceDate "2010.08.19"]

1. e4 c5 2. Nf3 Nc6 3. c3 Nf6 4. e5 Nd5 5. d4 cxd4 6. Be2 e6 7. cxd4 d6 8. O-O
Be7 9. Re1 O-O 10. Bf1 Qc7 11. h4 dxe5 12. dxe5 Rd8 13. Qe2 Ncb4 14. Na3 b6 15.
Ng5 h6 16. Nh3 Nc2 17. Qxc2 1-0

[Event "I Magistral Femenino Diez Reinas 2010"]
[Site "Buenos Aires ARG"]
[Date "2010.08.27"]
[Round "6.4"]
[White "Plazaola, Maria de los Angele"]
[Black "Malajovich, Sandra"]
[Result "1-0"]
[WhiteElo "2185"]
[BlackElo "2098"]
[PlyCount "59"]
[EventDate "2010.08.19"]
[EventType "tourn"]
[EventRounds "9"]
[EventCountry "ARG"]
[Source "lmi"]
[SourceDate "2010.08.19"]

1. d4 d5 2. c4 Nf6 3. Nc3 g6 4. Bg5 Ne4 5. Nxe4 dxe4 6. e3 Bg7 7. Qc2 c5 8. Ne2
Nc6 9. dxc5 Qa5+ 10. Nc3 O-O 11. Be2 Qxc5 12. Bh4 Nb4 13. Qb3 f5 14. O-O Be6
15. Na4 Qa5 16. Bxe7 Nc6 17. Bxf8 Rxf8 18. Qb5 Qc7 19. Rad1 Rb8 20. Nc5 Bc8 21.
b4 Nxb4 22. Nxe4 Nxa2 23. Qe8+ Bf8 24. Rd8 Qf7 25. Nd6 Qxe8 26. Rxe8 Kg7 27.
Nxc8 Kf7 28. Rd8 Be7 29. Nd6+ Bxd6 30. Rxd6 1-0

[Event "I Magistral Femenino Diez Reinas 2010"]
[Site "Buenos Aires ARG"]
[Date "2010.08.27"]
[Round "6.5"]
[White "Zuriel, Marisa"]
[Black "Amed, Stephanie"]
[Result "1/2-1/2"]
[WhiteElo "2205"]
[BlackElo "2208"]
[PlyCount "30"]
[EventDate "2010.08.19"]
[EventType "tourn"]
[EventRounds "9"]
[EventCountry "ARG"]
[Source "lmi"]
[SourceDate "2010.08.19"]

1. e4 e6 2. d4 d5 3. Nc3 Bb4 4. e5 Qd7 5. Bd2 b6 6. Nf3 Ba6 7. Bxa6 Nxa6 8. Ne2
Bf8 9. O-O Ne7 10. Nf4 c5 11. Qe2 Nc7 12. c3 h5 13. Be3 Nf5 14. h4 Be7 15. g3
Qb5 1/2-1/2

[Event "I Magistral Femenino Diez Reinas 2010"]
[Site "Buenos Aires ARG"]
[Date "2010.08.26"]
[Round "7.1"]
[White "Amed, Stephanie"]
[Black "Carraro, Denise"]
[Result "1/2-1/2"]
[WhiteElo "2208"]
[BlackElo "2100"]
[PlyCount "49"]
[EventDate "2010.08.19"]
[EventType "tourn"]
[EventRounds "9"]
[EventCountry "ARG"]
[Source "lmi"]
[SourceDate "2010.08.19"]

1. e4 g6 2. d4 d6 3. c4 Bg7 4. Nc3 Nd7 5. Nf3 e6 6. Be2 Ne7 7. O-O O-O 8. Be3
h6 9. Qd2 Kh7 10. Ne1 e5 11. f4 exf4 12. Bxf4 f5 13. exf5 Nxf5 14. Nc2 c5 15.
dxc5 dxc5 16. Nb5 Ne5 17. Rad1 Qe7 18. Ne3 Be6 19. Nxf5 Bxf5 20. Qd6 Qxd6 21.
Nxd6 b6 22. Nxf5 Rxf5 23. g4 Rff8 24. b3 Rad8 25. Bxe5 1/2-1/2

[Event "I Magistral Femenino Diez Reinas 2010"]
[Site "Buenos Aires ARG"]
[Date "2010.08.28"]
[Round "7.2"]
[White "Malajovich, Sandra"]
[Black "Zuriel, Marisa"]
[Result "0-1"]
[WhiteElo "2098"]
[BlackElo "2205"]
[PlyCount "80"]
[EventDate "2010.08.19"]
[EventType "tourn"]
[EventRounds "9"]
[EventCountry "ARG"]
[Source "lmi"]
[SourceDate "2010.08.19"]

1. Nf3 g6 2. e4 Bg7 3. d4 d6 4. c4 Nf6 5. Nc3 O-O 6. Be2 e5 7. Be3 Na6 8. Nd2
Ng4 9. Bxg4 exd4 10. Bxc8 Rxc8 11. Bxd4 Bxd4 12. Nb5 Bxb2 13. Rb1 Bg7 14. Nxa7
Ra8 15. Nb5 Nc5 16. Qc2 c6 17. Nc3 Qa5 18. Rc1 Bxc3 19. Qxc3 Qxc3 20. Rxc3 Rxa2
21. Kd1 Rxd2+ 22. Kxd2 Nxe4+ 23. Kc2 Nxc3 24. Kxc3 Re8 25. Kd3 Re5 26. Rc1 Kf8
27. Rc2 Ke8 28. Kd4 Kd7 29. Ra2 b5 30. f4 c5+ 31. Kc3 Re3+ 32. Kd2 Rb3 33. cxb5
Rxb5 34. g4 Ke6 35. h4 Rb4 36. Ke3 Rb3+ 37. Kf2 c4 38. Re2+ Kd7 39. f5 gxf5 40.
gxf5 Rb5 0-1

[Event "I Magistral Femenino Diez Reinas 2010"]
[Site "Buenos Aires ARG"]
[Date "2010.08.28"]
[Round "7.3"]
[White "Justo, Virginia"]
[Black "Plazaola, Maria de los Angele"]
[Result "0-1"]
[WhiteElo "2110"]
[BlackElo "2185"]
[PlyCount "76"]
[EventDate "2010.08.19"]
[EventType "tourn"]
[EventRounds "9"]
[EventCountry "ARG"]
[Source "lmi"]
[SourceDate "2010.08.19"]

1. e4 c5 2. Nf3 Nc6 3. d4 cxd4 4. Nxd4 e5 5. Nb5 d6 6. c4 Be6 7. Bd3 Rc8 8. O-O
a6 9. N5a3 Be7 10. Nc3 Bf6 11. Nd5 Bxd5 12. exd5 Nb8 13. Qe2 Ne7 14. Rb1 O-O
15. b4 Nd7 16. Nc2 g6 17. Bh6 Bg7 18. Bxg7 Kxg7 19. Qd2 f5 20. f4 b5 21. fxe5
bxc4 22. exd6 Qb6+ 23. Kh1 Qxd6 24. Be2 Qxd5 25. Qxd5 Nxd5 26. Bf3 N7f6 27.
Rbd1 Rfd8 28. Rfe1 Kf7 29. Re5 Nc3 30. Rde1 Nce4 31. Ra5 Rd2 32. Ne3 c3 33. Rc1
Rb2 34. Rxa6 c2 35. Ra7+ Kf8 36. Nxc2 Rbxc2 37. Rxc2 Rxc2 38. b5 Rb2 0-1

[Event "I Magistral Femenino Diez Reinas 2010"]
[Site "Buenos Aires ARG"]
[Date "2010.08.28"]
[Round "7.4"]
[White "Nejanky, Maisa"]
[Black "Maggiolo, Elisa"]
[Result "1/2-1/2"]
[WhiteElo "2057"]
[BlackElo "2052"]
[PlyCount "173"]
[EventDate "2010.08.19"]
[EventType "tourn"]
[EventRounds "9"]
[EventCountry "ARG"]
[Source "lmi"]
[SourceDate "2010.08.19"]

1. e4 c5 2. Nf3 a6 3. c4 Nc6 4. Nc3 g6 5. d4 cxd4 6. Nxd4 Bg7 7. Be3 d6 8. Be2
Nf6 9. Qd2 Nxd4 10. Bxd4 O-O 11. f3 Qa5 12. a3 Be6 13. b4 Qc7 14. Rc1 Rfc8 15.
O-O Nd7 16. Bxg7 Kxg7 17. Kh1 Qd8 18. Nd5 Bxd5 19. exd5 Kg8 20. f4 a5 21. Bg4
axb4 22. axb4 Ra4 23. Bd1 Ra3 24. Qb2 Rca8 25. Qd4 Nf6 26. Bf3 R8a4 27. c5 dxc5
28. Qxc5 Qd6 29. Qc8+ Kg7 30. Qxb7 Rxb4 31. Qc7 Rxf4 32. Qxd6 exd6 33. Kg1 Rd3
34. Rc6 Nxd5 35. Rxd6 Nb4 36. Rxd3 Nxd3 37. Rd1 Ne5 38. Bd5 h5 39. g3 Rf6 40.
Re1 Nf3+ 41. Bxf3 Rxf3 42. Kg2 Ra3 43. Re2 g5 44. h3 f5 45. Re6 Ra2+ 46. Kg1 g4
47. hxg4 hxg4 48. Rb6 Kf7 49. Rc6 Re2 50. Ra6 Re6 51. Ra7+ Kf6 52. Kf2 Rd6 53.
Ra5 Rd2+ 54. Kg1 Ke6 55. Rb5 Rd5 56. Rb8 Ke5 57. Re8+ Kd4 58. Kf2 Re5 59. Rd8+
Ke4 60. Ra8 Rc5 61. Re8+ Kd3 62. Rd8+ Ke4 63. Re8+ Kd4 64. Rd8+ Rd5 65. Re8 Kd3
66. Re3+ Kc2 67. Re8 Rd3 68. Re5 Rf3+ 69. Kg2 Kd2 70. Ra5 Ke3 71. Ra3+ Ke4 72.
Ra4+ Ke5 73. Ra5+ Kf6 74. Ra6+ Kg5 75. Ra2 Rb3 76. Ra6 Rb2+ 77. Kg1 Rb5 78. Kg2
f4 79. gxf4+ Kxf4 80. Rf6+ Kg5 81. Rf8 Rf5 82. Rxf5+ Kxf5 83. Kg3 Kg5 84. Kg2
Kf4 85. Kf2 g3+ 86. Kg2 Kg4 87. Kg1 1/2-1/2

[Event "I Magistral Femenino Diez Reinas 2010"]
[Site "Buenos Aires ARG"]
[Date "2010.08.25"]
[Round "7.5"]
[White "Leone, Juliana"]
[Black "Fernandez, Maria Florencia"]
[Result "1-0"]
[WhiteElo "2096"]
[BlackElo "2106"]
[PlyCount "71"]
[EventDate "2010.08.19"]
[EventType "tourn"]
[EventRounds "9"]
[EventCountry "ARG"]
[Source "lmi"]
[SourceDate "2010.08.19"]

1. e4 d6 2. d4 Nf6 3. Nc3 g6 4. Be3 Bg7 5. h3 c6 6. a4 O-O 7. Nf3 a5 8. Be2 Na6
9. Qd2 Nb4 10. O-O Qc7 11. Rad1 Re8 12. Rfe1 e5 13. dxe5 dxe5 14. Bc5 Bf8 15.
Bxf8 Rxf8 16. Qg5 Kg7 17. Rd2 Re8 18. Red1 h6 19. Qe3 Nh5 20. Bc4 Qe7 21. Ne2
Na6 22. Rd6 Nc7 23. Qc5 Nf6 24. Nc3 Nd7 25. Qa3 Na6 26. Ne2 Ndc5 27. Ng3 h5 28.
Qe3 f6 29. Nh4 Rh8 30. Ngf5+ Bxf5 31. exf5 Rhd8 32. fxg6 Qf8 33. Nf5+ Kxg6 34.
Rxd8 Rxd8 35. Rxd8 Qxd8 36. Qh6+ 1-0

[Event "I Magistral Femenino Diez Reinas 2010"]
[Site "Buenos Aires ARG"]
[Date "2010.08.29"]
[Round "8.1"]
[White "Carraro, Denise"]
[Black "Fernandez, Maria Florencia"]
[Result "1/2-1/2"]
[WhiteElo "2100"]
[BlackElo "2106"]
[PlyCount "93"]
[EventDate "2010.08.19"]
[EventType "tourn"]
[EventRounds "9"]
[EventCountry "ARG"]
[Source "lmi"]
[SourceDate "2010.08.19"]

1. e4 c5 2. Nf3 d6 3. d4 cxd4 4. Nxd4 Nf6 5. Nc3 g6 6. Be3 Bg7 7. f3 O-O 8. Qd2
Nc6 9. Bc4 Bd7 10. O-O-O Rb8 11. Bb3 Na5 12. Bh6 Nxb3+ 13. Nxb3 a5 14. h4 a4
15. Nd4 b5 16. h5 Bh8 17. g4 b4 18. Nd5 Nxd5 19. exd5 b3 20. cxb3 Qc7+ 21. Kb1
axb3 22. a3 Rfc8 23. Rc1 Qb7 24. hxg6 Rxc1+ 25. Rxc1 hxg6 26. Nc6 Bxc6 27. Rxc6
Ra8 28. Be3 Qb5 29. Rc1 Qa6 30. Bd4 Bxd4 31. Qxd4 Qe2 32. Qd1 Qb5 33. Rc3 Rb8
34. f4 Qa4 35. Qf3 Kg7 36. Rc1 Qd4 37. Qc3 Qxc3 38. Rxc3 Kf6 39. Kc1 g5 40.
fxg5+ Kxg5 41. Rc4 Rb5 42. Re4 Rc5+ 43. Kd2 Rc2+ 44. Kd3 Rxb2 45. Rxe7 Kf6 46.
Re4 Kg5 47. Rb4 1/2-1/2

[Event "I Magistral Femenino Diez Reinas 2010"]
[Site "Buenos Aires ARG"]
[Date "2010.08.29"]
[Round "8.2"]
[White "Maggiolo, Elisa"]
[Black "Leone, Juliana"]
[Result "1/2-1/2"]
[WhiteElo "2052"]
[BlackElo "2096"]
[PlyCount "79"]
[EventDate "2010.08.19"]
[EventType "tourn"]
[EventRounds "9"]
[EventCountry "ARG"]
[Source "lmi"]
[SourceDate "2010.08.19"]

1. e4 e6 2. d4 d5 3. e5 c5 4. c3 Nc6 5. Nf3 Qb6 6. Bd3 cxd4 7. cxd4 Bd7 8. O-O
Nxd4 9. Nxd4 Qxd4 10. Qe2 Ne7 11. Kh1 Nc6 12. Be3 Qxe5 13. f4 Qf6 14. Nc3 Be7
15. Rae1 O-O 16. f5 exf5 17. Nxd5 Qd6 18. Bc4 Be6 19. Rd1 Qe5 20. Qf2 Rad8 21.
Nxe7+ Nxe7 22. Bd3 b6 23. Bg5 Qc7 24. Rc1 Qb7 25. Be2 Rd7 26. Qg3 Ng6 27. h4 f4
28. Qf2 Rd2 29. h5 Bg4 30. hxg6 Rxe2 31. gxh7+ Kh8 32. Qg1 f3 33. Rf2 fxg2+ 34.
Kh2 Qe4 35. Qxg2 Qxg2+ 36. Kxg2 Rxf2+ 37. Kxf2 Kxh7 38. Rc7 Kg6 39. Be7 Rc8 40.
Rxa7 1/2-1/2

[Event "I Magistral Femenino Diez Reinas 2010"]
[Site "Buenos Aires ARG"]
[Date "2010.08.29"]
[Round "8.3"]
[White "Plazaola, Maria de los Angele"]
[Black "Nejanky, Maisa"]
[Result "1/2-1/2"]
[WhiteElo "2185"]
[BlackElo "2057"]
[PlyCount "147"]
[EventDate "2010.08.19"]
[EventType "tourn"]
[EventRounds "9"]
[EventCountry "ARG"]
[Source "lmi"]
[SourceDate "2010.08.19"]

1. e4 c5 2. c3 d5 3. exd5 Qxd5 4. d4 Nf6 5. Nf3 Bg4 6. Nbd2 Nc6 7. Bc4 Bxf3 8.
Qb3 Na5 9. Qb5+ Qd7 10. Nxf3 Nxc4 11. Qxc4 cxd4 12. Nxd4 Rc8 13. Qe2 e6 14. O-O
Bc5 15. Rd1 Qc7 16. Qb5+ Nd7 17. Be3 a6 18. Qa4 Bd6 19. Nf3 Rd8 20. Rd2 O-O 21.
Rad1 Nf6 22. Qh4 Be7 23. Bd4 Rd5 24. Qg3 Bd6 25. Qh3 Rh5 26. Nh4 Bxh2+ 27. Qxh2
Qxh2+ 28. Kxh2 Rxh4+ 29. Kg3 Rh5 30. Bxf6 gxf6 31. Rd7 Rb5 32. b3 Rc5 33. Rxb7
Rxc3+ 34. f3 Rc2 35. a4 a5 36. Rdd7 Kg7 37. Rb5 Rc3 38. Rxa5 Rxb3 39. Raa7 f5
40. a5 Kf6 41. a6 Ra3 42. Rdc7 Ra2 43. f4 h5 44. Kf3 h4 45. Rcb7 Ra3+ 46. Kf2
Ra2+ 47. Kf3 Kg6 48. Rc7 Rb8 49. Rab7 Rd8 50. Ke3 Ra3+ 51. Ke2 Ra2+ 52. Ke3
Rxa6 53. Rxf7 Ra3+ 54. Ke2 Rh8 55. Rg7+ Kh6 56. Rgf7 Rg3 57. Kf2 Kh5 58. Rg7
Rg8 59. Rh7+ Kg4 60. Rb4 h3 61. gxh3+ Rxh3 62. Rxh3 Kxh3 63. Rb3+ Kh4 64. Rb6
Re8 65. Kf3 Kh5 66. Ra6 Kg6 67. Rb6 Kf6 68. Rb3 Rh8 69. Kg3 Rh1 70. Kg2 Re1 71.
Kf2 Re4 72. Kf3 e5 73. Rb6+ Kf7 74. fxe5 1/2-1/2

[Event "I Magistral Femenino Diez Reinas 2010"]
[Site "Buenos Aires ARG"]
[Date "2010.08.29"]
[Round "8.4"]
[White "Zuriel, Marisa"]
[Black "Justo, Virginia"]
[Result "1-0"]
[WhiteElo "2205"]
[BlackElo "2110"]
[PlyCount "83"]
[EventDate "2010.08.19"]
[EventType "tourn"]
[EventRounds "9"]
[EventCountry "ARG"]
[Source "lmi"]
[SourceDate "2010.08.19"]

1. e4 c5 2. Nf3 e6 3. d4 cxd4 4. Nxd4 a6 5. Bd3 g6 6. O-O Bg7 7. c3 d5 8. Qa4+
Bd7 9. Qb3 Bc6 10. Nxc6 bxc6 11. Qb7 Nd7 12. Qxc6 Ne7 13. Qa4 O-O 14. exd5 Nxd5
15. Be2 N7b6 16. Qc2 Qc7 17. Nd2 f5 18. Bf3 Rad8 19. Bxd5 Nxd5 20. Nf3 h6 21.
Qe2 Qd6 22. a3 Rfe8 23. c4 Nc7 24. Be3 e5 25. Rad1 Qc6 26. b4 f4 27. Rxd8 Rxd8
28. Bc5 e4 29. Nd2 Re8 30. Re1 Bc3 31. Rc1 Bg7 32. Rd1 Kh7 33. h3 h5 34. Nb3 f3
35. Qf1 fxg2 36. Qxg2 Be5 37. Qg5 Qe6 38. Be3 Bg7 39. Nc5 Qxh3 40. Rd7 Ne6 41.
Nxe6 Qxe6 42. Qh6+ 1-0

[Event "I Magistral Femenino Diez Reinas 2010"]
[Site "Buenos Aires ARG"]
[Date "2010.08.29"]
[Round "8.5"]
[White "Amed, Stephanie"]
[Black "Malajovich, Sandra"]
[Result "1/2-1/2"]
[WhiteElo "2208"]
[BlackElo "2098"]
[PlyCount "85"]
[EventDate "2010.08.19"]
[EventType "tourn"]
[EventRounds "9"]
[EventCountry "ARG"]
[Source "lmi"]
[SourceDate "2010.08.19"]

1. d4 d5 2. Nf3 Nf6 3. g3 c6 4. Bg2 Bf5 5. O-O e6 6. c4 Bxb1 7. Rxb1 Bd6 8. b3
O-O 9. Bb2 Nbd7 10. e3 Ne4 11. Ne5 f5 12. f3 Nef6 13. Qc2 Qc7 14. Nd3 Rf7 15.
Rbc1 Re8 16. Rfd1 Qb8 17. f4 Ne4 18. Ne5 Rfe7 19. Qe2 Ndf6 20. Bc3 g5 21. cxd5
cxd5 22. Qe1 Rg7 23. Bb4 Bxb4 24. Qxb4 gxf4 25. exf4 Kh8 26. Rc2 Reg8 27. Kh1
h5 28. Qe1 h4 29. gxh4 a6 30. Rdc1 Ng4 31. Bf3 Nxe5 32. fxe5 Qd8 33. h5 Kh7 34.
Rg2 Ng5 35. Be2 Qb6 36. Qh4 Ne4 37. Rxg7+ Rxg7 38. h6 Rc7 39. Rxc7+ Qxc7 40.
Kg2 Qc2 41. Qe7+ Kxh6 42. Qh4+ Kg7 43. Qe7+ 1/2-1/2

[Event "I Magistral Femenino Diez Reinas 2010"]
[Site "Buenos Aires ARG"]
[Date "2010.08.28"]
[Round "9.1"]
[White "Malajovich, Sandra"]
[Black "Carraro, Denise"]
[Result "0-1"]
[WhiteElo "2098"]
[BlackElo "2100"]
[PlyCount "116"]
[EventDate "2010.08.19"]
[EventType "tourn"]
[EventRounds "9"]
[EventCountry "ARG"]
[Source "lmi"]
[SourceDate "2010.08.19"]

1. d4 g6 2. e4 Bg7 3. c4 d6 4. Nf3 Bg4 5. Be2 Nc6 6. Be3 e5 7. d5 Nce7 8. Nfd2
Bd7 9. Nc3 f5 10. f3 b6 11. b4 c5 12. dxc6 Bxc6 13. Rc1 Nf6 14. O-O O-O 15. Nd5
Nexd5 16. cxd5 Bd7 17. b5 f4 18. Bf2 g5 19. Kh1 h5 20. Qc2 Rf7 21. Qb2 Ne8 22.
a4 g4 23. Nc4 Qg5 24. a5 g3 25. Bg1 bxa5 26. Nxa5 h4 27. Rfd1 h3 28. Bf1 hxg2+
29. Qxg2 Bf6 30. Nc6 Rh7 31. Ra1 Nc7 32. Rxa7 Bxc6 33. dxc6 Rxa7 34. b6 Ra8 35.
b7 Rb8 36. Qa2+ Kh8 37. h3 g2+ 38. Bxg2 Qg3 39. Rb1 Rg7 40. Ba7 Na6 41. Bxb8
Nxb8 42. c7 Rxc7 43. Qe6 Rg7 44. Rg1 Qg6 45. Qc8+ Rg8 46. Qe6 Qg7 47. Qxd6 Bh4
48. Qb6 Nd7 49. Qb2 Nb8 50. Rc1 Bf6 51. Rc8 Qd7 52. Rc2 Qd1+ 53. Kh2 Nd7 54.
Rc8 Bh4 55. Rxg8+ Kxg8 56. b8=Q+ Kh7 57. Bh1 Nxb8 58. Qxe5 Bg3+ 0-1

[Event "I Magistral Femenino Diez Reinas 2010"]
[Site "Buenos Aires ARG"]
[Date "2010.08.30"]
[Round "9.2"]
[White "Justo, Virginia"]
[Black "Amed, Stephanie"]
[Result "1/2-1/2"]
[WhiteElo "2110"]
[BlackElo "2208"]
[PlyCount "30"]
[EventDate "2010.08.19"]
[EventType "tourn"]
[EventRounds "9"]
[EventCountry "ARG"]
[Source "lmi"]
[SourceDate "2010.08.19"]

1. e4 e6 2. d4 d5 3. Nd2 c5 4. exd5 Qxd5 5. Ngf3 cxd4 6. Bc4 Qd6 7. O-O Nf6 8.
Nb3 Nc6 9. Nbxd4 Nxd4 10. Nxd4 a6 11. Re1 Qc7 12. Qe2 Bd6 13. Bg5 O-O 14. h3
Bh2+ 15. Kh1 Bf4 1/2-1/2

[Event "I Magistral Femenino Diez Reinas 2010"]
[Site "Buenos Aires ARG"]
[Date "2010.08.30"]
[Round "9.3"]
[White "Nejanky, Maisa"]
[Black "Zuriel, Marisa"]
[Result "1-0"]
[WhiteElo "2057"]
[BlackElo "2205"]
[PlyCount "135"]
[EventDate "2010.08.19"]
[EventType "tourn"]
[EventRounds "9"]
[EventCountry "ARG"]
[Source "lmi"]
[SourceDate "2010.08.19"]

1. e4 c5 2. Nf3 d6 3. d4 cxd4 4. Nxd4 Nf6 5. Nc3 a6 6. a4 Nc6 7. f4 e6 8. Nb3
b6 9. Bd3 Bb7 10. Qf3 Qc7 11. O-O Be7 12. Bd2 Nd7 13. Rae1 Nc5 14. Nxc5 bxc5
15. Qg3 O-O 16. e5 Nd4 17. f5 Nxf5 18. Bxf5 exf5 19. Bh6 g6 20. Rxf5 dxe5 21.
Bxf8 Rxf8 22. Rd1 f6 23. Rff1 c4 24. Kh1 Qc6 25. Rd2 Rf7 26. Rfd1 Bb4 27. Rd8+
Kg7 28. Nd5 Ba5 29. Ne3 Qe4 30. R8d7 Bc8 31. Rxf7+ Kxf7 32. Qf3 Qxf3 33. gxf3
Ke6 34. Nxc4 Bc7 35. Kg2 Bb7 36. Kf2 g5 37. h4 h5 38. b4 Bc6 39. a5 g4 40. fxg4
hxg4 41. h5 f5 42. h6 Kf7 43. Nd6+ Kg6 44. Nxf5 g3+ 45. Ke3 Ba4 46. Rh1 Kh7 47.
Nxg3 Bd8 48. Rh2 Bg5+ 49. Ke4 Bf4 50. Rh3 Bxc2+ 51. Kf3 Ba4 52. Ne4 Bc6 53. Rh1
Bxh6 54. Rd1 Bf8 55. Rb1 Kg6 56. Rc1 Bb5 57. Nc5 Kf5 58. Rd1 Be7 59. Rg1 Bc6+
60. Ke3 Bb5 61. Rg8 Bg5+ 62. Kf3 Bd2 63. Rf8+ Kg6 64. Rb8 Bxb4 65. Rb6+ Kf5 66.
Nxa6 e4+ 67. Kf2 Bxa6 68. Rxb4 1-0